Economic growth and the public sector in Malaya and Singapore, 1948-1960
Shranjeno v:
| Glavni avtor: | |
|---|---|
| Format: | Knjiga |
| Jezik: | Undetermined |
| Izdano: |
New York,Singapore
Oxford University Press
1974
|
| Teme: | |
| Oznake: |
Označite
Brez oznak, prvi označite!
|
| Thư viện lưu trữ: | Trung tâm Học liệu Trường Đại học Cần Thơ |
|---|
| LEADER | 00636nam a2200193Ia 4500 | ||
|---|---|---|---|
| 001 | CTU_91230 | ||
| 008 | 210402s9999 xx 000 0 und d | ||
| 082 | |a 338.9595 | ||
| 082 | |b A613 | ||
| 100 | |a Lee, Soo Ann | ||
| 245 | 0 | |a Economic growth and the public sector in Malaya and Singapore, 1948-1960 | |
| 245 | 0 | |c Lee Soo Ann | |
| 260 | |a New York,Singapore | ||
| 260 | |b Oxford University Press | ||
| 260 | |c 1974 | ||
| 650 | |a Malaysia,Malaysia,Singapore,Singapore | ||
| 650 | |x Economic conditions,Economic policy,Economic conditions,Economic policy | ||
| 904 | |i Năm | ||
| 980 | |a Trung tâm Học liệu Trường Đại học Cần Thơ | ||